Statistiques concernant Livres par synonymes n°1

Cliquez ici pour prendre le quiz!

Statistiques générales

  • Ce quiz a été pris 1 147 fois
  • Le résultat moyen est 5 sur 10

Statistiques - réponses

Titres détournésTitres% Correct
... ... au collège des magiciensHarry Potter à l'école des sorciers
90%
Le Voyage autour de la planète en 11 semaines et demieLe Tour du monde en 80 jours
85%
L'Astéroïde des primatesLa Planète des singes
82%
L'Assassinat du TranssibérienLe Crime de l'Orient Express
58%
Le Spectre du ThéâtreLe Fantôme de l'Opéra
56%
Mercredi ou l'Existence inciviliséeVendredi ou la vie sauvage
55%
Une Besace de cochonnetsUn Sac de billes
43%
Les Mésaventures de ...Les Malheurs de Sophie
35%
Consternation et ConvulsionsStupeur et Tremblements
26%
... et le Gros Élévateur de plexiglasCharlie et le Grand Ascenseur de verre
15%

Distribution des résultats

Percentile par nombre de réponses

% des personnes avec chaque résultat

Votre développement - résultats

Vous n’avez pas pris ce quiz